Délmagyarország. - 1997. november 1., Szombat
Elmentve itt :
| Dokumentumtípus: | Újság |
|---|---|
| Megjelent: |
1997-11-01
|
| Sorozat: | Délmagyarország
87 No. 255 |
| Online Access: | http://dmarchiv.bibl.u-szeged.hu/26486 |
| LEADER | 00489nas a2200145 i 4500 | ||
|---|---|---|---|
| 001 | delm26486 | ||
| 005 | 20200415082739.0 | ||
| 008 | 171218s1997 hu n o 0|| hun d | ||
| 022 | |a 0133-025X | ||
| 040 | |a SZTE Délmagyarország Archívum |b hun | ||
| 041 | |a hun | ||
| 245 | 0 | 0 | |a Délmagyarország. - 1997. november 1., Szombat |h [elektronikus dokumentum] |
| 260 | |c 1997-11-01 | ||
| 490 | 0 | |a Délmagyarország |v 87 No. 255 | |
| 856 | 4 | 0 | |u http://dmarchiv.bibl.u-szeged.hu/26486/1/dm_1997_255.pdf |z Dokumentum-elérés |